| 000 | 00609nam a2200205Ia 4500 | ||
|---|---|---|---|
| 003 | GCL | ||
| 008 | 140319s9999 xx 000 0 ara d | ||
| 040 |
_aGCL / _cGCL |
||
| 082 | 0 | 4 |
_a894.35 _bش ا |
| 100 | 1 | _aشهاب الدين | |
| 245 | 1 | 0 |
_aاوراق الايام: عن التركية / _cشهاب الدين |
| 300 | _a310 ص | ||
| 490 |
_aالالف كتاب _v0 |
||
| 650 | 0 | 4 | _aالادب التركى |
| 650 | 0 | 4 | _aالادب - مجموعات |
| 650 | 0 | 4 | _aالمقالات - مصر |
| 650 | 0 | 4 | _aالمقالة التركية |
| 650 | 0 | 4 | _aالمقالات التركية |
| 942 |
_2ddc _cBK |
||
| 999 |
_c50520 _d50520 |
||